Softvérová výbava na kľúč USB

Bibliographic Details
Main Author: Valter, Matúš (Author)
Format: Article
Language:Slovak
PhysicalDescription:Obr.
ISSN:1335-0226
Subjects:

MARC

LEADER 00000nab a2200000 a 4500
001 vtls008301707
003 SK-MaSNL
005 20260304140042.0
008 250505c2005 xo mr|p|||||||000 b|slo
015 |a SNBRB2005/10  |2 snkbucl 
035 |a (uuid)0e312ebb-b5c7-4335-9c5c-20aa09989212 
035 |a urn:nbn:sk:snk-abvhu 
035 |a (urnnbn)urn:nbn:sk:snk:ar-a05ad1 
038 |a SNKBUCL 
040 |a SNKBUCL  |b slo  |c SNKBUCL  |e AACR2 
041 0 |a slo 
044 |a xo  |c SK 
080 |a 004.42:004.087.2:004.324  |2 1997 
080 |a 004.087.2:004.324  |2 1997 
100 1 |a Valter, Matúš  |4 aut  |9 1057826 
245 1 0 |a Softvérová výbava na kľúč USB  |c Matúš Valter 
300 |b Obr. 
650 0 7 |a USB flash disky  |2 snkbucl  |9 1451127 
650 0 7 |a softvér  |2 snkbucl  |9 1223 
773 0 |t PC revue  |g Roč. XIII, č. 6 (2005), s. 22-29  |x 1335-0226 
850 |a Slovenská národná knižnica 
852 |a Slovenská národná knižnica 
954 |a odborná, vedecká literatúra pôvodná (slovenská)  |2 lita 
958 |a article27 
958 |a OND 
958 |a EUIPO 
999 |c 2913341  |d 2915271